| 000 | 00593nam a2200229 a 4500 | ||
|---|---|---|---|
| 001 | 0001-1354 | ||
| 003 | ELIB.Books | ||
| 008 | 151028 2010 eng | ||
| 035 | _a(ELIB.Books)0001-1509 | ||
| 092 |
_a232.9 _bCro |
||
| 100 | _aCrossan, John Dominic. | ||
| 245 |
_aJesus: _bA Revolutionary Biography |
||
| 260 |
_bHarper SanFrancisco _c1994 |
||
| 300 |
_a209 _c24 Cm |
||
| 500 | _aC/o Par Si Thu | ||
| 650 | _aJesus Christ- Biography | ||
| 856 |
_nKBTS: Library _uKBTS: Elib |
||
| 942 |
_2ddc _cBK |
||
| 990 | _a1 | ||
| 998 |
_cbat _e2015-10-28 |
||
| 999 |
_c11354 _d11354 |
||